Fr. Conceicao Rodrigues College of Engineering

The science and Engineering of Materials (Record no. 28547)

MARC details
000 -LEADER
fixed length control field 00358nam a2200169Ia 4500
082 ## - DEWEY DECIMAL CLASSIFICATION NUMBER
Item number ASK
100 ## - MAIN ENTRY--PERSONAL NAME
Personal name Askeland/D.R/ Phule/P.P
250 ## - EDITION STATEMENT
Edition statement 5
245 ## - TITLE STATEMENT
Title The science and Engineering of Materials
260 ## - PUBLICATION, DISTRIBUTION, ETC.
Name of publisher, distributor, etc. Cengage Learning
Date of publication, distribution, etc. 2006
366 ## - TRADE AVAILABILITY INFORMATION
Publishers's discount category 17.5
300 ## - PHYSICAL DESCRIPTION
Extent 863
546 ## - LANGUAGE NOTE
Language note ENGLISH
654 ## - SUBJECT ADDED ENTRY--FACETED TOPICAL TERMS
Focus term materials
942 ## - ADDED ENTRY ELEMENTS (KOHA)
Koha item type BOOK
Holdings
Withdrawn status Lost status Damaged status Not for loan Collection Home library Current library Date acquired Source of acquisition Cost, normal purchase price Inventory number Total Checkouts Full call number Barcode Date last seen Cost, replacement price Price effective from Koha item type
        CRC Fr. Agnel's C.Rodrigues College of Engineering Fr. Agnel's C.Rodrigues College of Engineering 17/03/2023 Educational books and periodicals 433.13 290 dt 24/06/2009   ASK 19733 17/03/2023 525.00   BOOK
        CRC Fr. Agnel's C.Rodrigues College of Engineering Fr. Agnel's C.Rodrigues College of Engineering 17/03/2023 Educational books and periodicals 433.13 290 dt 24/06/2009   ASK 19734 17/03/2023 525.00   BOOK
        CRC Fr. Agnel's C.Rodrigues College of Engineering Fr. Agnel's C.Rodrigues College of Engineering 17/03/2023 Educational books and periodicals 433.13 290 dt 24/06/2009   ASK 19735 17/03/2023 525.00   BOOK